000 00866cam a2200277 4500
008 090401t1989 xxu||||| |||| 00| 0 eng d
020 _a0117522279
035 _a(Sirsi) u38781
041 _aeng
050 _a711.3094287
110 _aUnited Kingdom
_bDepartment of the Environment
_9982
245 _aRegional planning guidance : strategic guidance for Tyne and Wear
260 _aLondon
_bHMSO
_c1989
300 _a(8)p. : ill., map ; 30cm.
350 _a1.7
490 _aRPG
_v1
520 _aSuperseded by "Regional planning guidance for the north east to 2016 (RPG1)" (2002 edition, ISBN 0117536415).
650 _aREGIONAL PLANNING GUIDANCE
650 _aREGIONAL PLANNING
650 _aRPG1
650 _aTYNE AND WEAR
650 _aUNITARY DEVELOPMENT PLANS
690 _aPLANNING LAW AND PRACTICE
942 _n0
948 _c04/03/1997
999 _c90706
_d90706